Philippines General Knowledge 101 - Statistics

General Stats
  • This quiz has been taken 175 times
  • The average score is 8 of 15
Answer Stats
Hint Answer % Correct
Which is the most popular fast food chain in the country? Jollibee
85%
In 1543, the islands of the Philippines were named after Philip II, king of what country? Spain
74%
The Philippine Eagle, which is the national bird of the Philippines, is also known as the ______ eating eagle. Monkey
73%
What is the traditional Filipino practice that involves community members coming together to help a family move their house or perform other collective tasks? Bayanihan
71%
What fruit is Guimaras known for? Mango
65%
Who was the first Filipina to win the Miss Universe title? Gloria Diaz
63%
Its name meaning "inside the walls" in Latin, what walled area in the city of Manila is home to Fort Santiago and Manila Cathedral? Intramuros
62%
What is the country's national sport? Arnis
55%
How long did the Spanish Colonization last? 333 years
47%
What is the highest mountain in the Philippines? Mount Apo
47%
Who was the first Filipino to win a gold medal at the Olympics? Hidilyn Diaz
44%
What is the oldest existing university in Asia? University of Santo Tomas
40%
Marble production is a notable industry in the province of? Romblon
29%
Which Philippine volcano is considered to have recorded the second largest volcanic eruption in the world in the 20th century? Mt. Pinatubo
22%
What coastal city, near Obando, is dubbed the "Fishing Capital of the Philippines"? Navotas
20%
No matching quizzes found
Score Distribution
Percent of People with Each Score
Percentile by Number Answered
Your Score History
You have not taken this quiz